<?xml version="1.0" encoding="UTF-8"?><?xml-stylesheet type="text/xsl" href="static/style.xsl"?><OAI-PMH xmlns="http://www.openarchives.org/OAI/2.0/" xmlns:xsi="http://www.w3.org/2001/XMLSchema-instance" xsi:schemaLocation="http://www.openarchives.org/OAI/2.0/ http://www.openarchives.org/OAI/2.0/OAI-PMH.xsd"><responseDate>2026-04-29T04:09:18Z</responseDate><request verb="GetRecord" identifier="oai:repisalud.isciii.es:20.500.12105/16573" metadataPrefix="marc">https://repisalud.isciii.es/rest/oai/request</request><GetRecord><record><header><identifier>oai:repisalud.isciii.es:20.500.12105/16573</identifier><datestamp>2024-09-27T10:00:49Z</datestamp><setSpec>com_20.500.12105_19604</setSpec><setSpec>com_20.500.12105_2051</setSpec><setSpec>col_20.500.12105_19605</setSpec></header><metadata><record xmlns="http://www.loc.gov/MARC21/slim" xmlns:dcterms="http://purl.org/dc/terms/" xmlns:doc="http://www.lyncode.com/xoai" xmlns:xsi="http://www.w3.org/2001/XMLSchema-instance" xsi:schemaLocation="http://www.loc.gov/MARC21/slim http://www.loc.gov/standards/marcxml/schema/MARC21slim.xsd">
   <leader>00925njm 22002777a 4500</leader>
   <datafield ind2=" " ind1=" " tag="042">
      <subfield code="a">dc</subfield>
   </datafield>
   <datafield ind2=" " ind1=" " tag="720">
      <subfield code="a">Cordero, Alberto</subfield>
      <subfield code="e">author</subfield>
   </datafield>
   <datafield ind2=" " ind1=" " tag="720">
      <subfield code="a">Dalmau González-Gallarza, Regina</subfield>
      <subfield code="e">author</subfield>
   </datafield>
   <datafield ind2=" " ind1=" " tag="720">
      <subfield code="a">Masana, Lluis</subfield>
      <subfield code="e">author</subfield>
   </datafield>
   <datafield ind2=" " ind1=" " tag="720">
      <subfield code="a">Fuster, Valentin</subfield>
      <subfield code="e">author</subfield>
   </datafield>
   <datafield ind2=" " ind1=" " tag="720">
      <subfield code="a">Castellano, Jose Mª</subfield>
      <subfield code="e">author</subfield>
   </datafield>
   <datafield ind2=" " ind1=" " tag="720">
      <subfield code="a">Ruiz Olivar, José Emilio</subfield>
      <subfield code="e">author</subfield>
   </datafield>
   <datafield ind2=" " ind1=" " tag="720">
      <subfield code="a">Zsolt, Ilonka</subfield>
      <subfield code="e">author</subfield>
   </datafield>
   <datafield ind2=" " ind1=" " tag="720">
      <subfield code="a">Sicras-Mainar, Antoni</subfield>
      <subfield code="e">author</subfield>
   </datafield>
   <datafield ind2=" " ind1=" " tag="720">
      <subfield code="a">González Juanatey, Jose Ramón</subfield>
      <subfield code="e">author</subfield>
   </datafield>
   <datafield ind2=" " ind1=" " tag="260">
      <subfield code="c">2023</subfield>
   </datafield>
   <datafield ind2=" " ind1=" " tag="520">
      <subfield code="a">PURPOSE&#xd;
The aim of this study was to estimate health-care resources utilization, costs and cost-effectiveness associated with the treatment with CNIC-Polypill as secondary prevention of atherosclerotic cardiovascular disease (ASCVD) compared to other treatments, in clinical practice in Spain.&#xd;
PATIENTS AND METHODS&#xd;
An observational, retrospective study was performed using medical records (economic results [healthcare perspective], NEPTUNO-study; BIG-PAC-database) of patients who initiated secondary prevention between 2015 and 2018. Patients were followed up to 2 years (maximum). Four cohorts were balanced with a propensity-score-matching (PSM): 1) CNIC-Polypill (aspirin+atorvastatin+ramipril), 2) Monocomponents (same separate drugs), 3) Equipotent (equipotent drugs) and 4) Other therapies ([OT], other cardiovascular drugs). Incidence of cardiovascular events, health-care resources utilization and healthcare and non-healthcare costs (2020 Euros) were compared. Incremental cost-effectiveness ratios per cardiovascular event avoided were estimated.&#xd;
RESULTS&#xd;
After PSM, 1614 patients were recruited in each study cohort. The accumulated incidence of cardiovascular events during the 24-month follow-up was lower in the CNIC-Polypill cohort vs the other cohorts (19.8% vs Monocomponents: 23.3%, Equipotent: 25.5% and OT: 26.8%; p&lt;0.01). During the follow-up period, the CNIC-Polypill cohort also reduced the health-care resources utilization per patient compared to the other cohorts, particularly primary care visits (16.6 vs Monocomponents: 18.7, Equipotent: 18.9 and OT: 21.0; p&lt;0.001) and hospitalization days (2.3 vs Monocomponents: 3.4, Equipotent: 3.7 and OT: 4.0; p&lt;0.001). The treatment cost in the CNIC-Polypill cohort was lower than that in the other cohorts (€4668 vs Monocomponents: €5587; Equipotent: €5682 and OT: €6016; p&lt;0.001) (Difference: -€919, -€1014 and -€1348, respectively). Due to the reduction of cardiovascular events and costs, the CNIC-Polypill is a dominant alternative compared to the other treatments.&#xd;
CONCLUSION&#xd;
CNIC-Polypill reduces recurrent major cardiovascular events and costs, being a cost-saving strategy as secondary prevention of ASCVD.</subfield>
   </datafield>
   <datafield ind1="8" ind2=" " tag="024">
      <subfield code="a">Clinicoecon Outcomes Res. 2023 Jul 19:15:559-571.</subfield>
   </datafield>
   <datafield ind1="8" ind2=" " tag="024">
      <subfield code="a">1178-6981</subfield>
   </datafield>
   <datafield ind1="8" ind2=" " tag="024">
      <subfield code="a">http://hdl.handle.net/20.500.12105/16573</subfield>
   </datafield>
   <datafield ind1="8" ind2=" " tag="024">
      <subfield code="a">37489131</subfield>
   </datafield>
   <datafield ind1="8" ind2=" " tag="024">
      <subfield code="a">10.2147/CEOR.S396290</subfield>
   </datafield>
   <datafield ind1="8" ind2=" " tag="024">
      <subfield code="a">ClinicoEconomics and outcomes research : CEOR</subfield>
   </datafield>
   <datafield ind2="0" ind1="0" tag="245">
      <subfield code="a">Economic Burden Associated with the Treatment with a Cardiovascular Polypill in Secondary Prevention in Spain: Cost-Effectiveness Results of the NEPTUNO Study.</subfield>
   </datafield>
</record></metadata></record></GetRecord></OAI-PMH>